| 000 | 00499nam a2200181Ia 4500 | ||
|---|---|---|---|
| 008 | 240925s9999 xx 000 0 und d | ||
| 020 | _a8126504234 | ||
| 082 | _a005.117 ARR | ||
| 100 | _aArrington, C.T | ||
| 245 | 0 | _aEnterprise Java with UML | |
| 250 | _a2nd | ||
| 260 |
_aNew Delhi: _bAPH Publishing Corporation _c,2003. |
||
| 300 |
_a503p. _bNA _fOriginal |
||
| 500 | _aIncludes Index | ||
| 600 | _aComputer Science | ||
| 650 | _aComputer science, information & general works | ||
| 942 | _cBK | ||
| 999 |
_c7904 _d7904 |
||